Quizzes
Events
Quiz Creation
Community
Videos
Private Events
Remove Ads
Sign In
Join for FREE
Feedback
Dark Mode
Quiz Categories
Sports
Geography
Music
Movies
Television
Just For Fun
Miscellaneous
History
Literature
Language
Science
Gaming
Entertainment
Religion
Holiday
For Kids
Quiz Lab
Recent
Popular Today
Quiz Kudos Today
Editor Picks
Curator Picks
Quizzes by...
Day
Popularity
Type
Ratings
Length
Year
Community
Subscriptions
Recent Discussions
Orange Saloon
Badges
Playlists
Quests
Create
Leaderboards
Showdown
Live 5
Trivia Bingo
Activity
Puzzle Library
Sporcle Events
Private Events
Virtual Trivia
Globe League
Become a Host
Pub Owners
SporcleCon
Opinionation
Our Games
Videos
Blog
Mobile Apps
Partnerships
Remove Ads and Go Orange
Feedback
Sports
Athletes
MLB
NBA
NHL
NFL
Soccer
Sports Teams
WWE
NCAA
Football
Premier League
Basketball
Baseball
Hockey
Golf
Tennis
Cricket
Rugby
Auto Racing
Olympics
World Cup
Sports
Athletes
MLB
NBA
NHL
NFL
Soccer
Sports Teams
WWE
NCAA
Football
Premier League
Basketball
Baseball
Hockey
Golf
Tennis
Cricket
Rugby
Auto Racing
Olympics
World Cup
Random Quiz
Search Sporcle
×
Quiz Lab
Quiz Lab
Sports
francisco
Type in answers that appear in a list
Type in answers that appear in a list
Classic
Best Score? Go Orange.
San Francisco Giants 200 Stats
Can you name the top 200 San Francisco Giants by most games played from 1980-2010??
By
ironsij0287
18m
200 Questions
4,682 Plays
4,682 Plays
4,682 Plays
Comments
Comments
Give Quiz Kudos
Give Quiz Kudos
-
- Ratings
hide this ad
Replay
Link that replays current quiz
Next Quiz
Link to next quiz in quiz playlist
You Got
0%
They Got
Avg Score
54%
Avg Friend Score
Upgrade to see
Score Distribution
Jump to the score distribution portion of the page
Score
0/200
Timer
18:00
0
Plays Today
Games Played
Player
% Correct
1,976
Barry Bonds
98.3%
1,160
Will Clark
94.2%
575
Jack Clark
93.7%
900
Jeff Kent
92.6%
1,120
Matt Williams
91.8%
146
Frank Williams
91.4%
1,183
J.T. Snow
89.8%
1,304
Robby Thompson
88.6%
124
Tim Lincecum
88.3%
184
Scot Thompson
88.2%
256
Brian Wilson
87.1%
161
Trevor Wilson
86.7%
1,292
Rich Aurilia
86.3%
173
Matt Cain
85.2%
115
Buster Posey
85%
624
Kevin Mitchell
84.8%
270
Juan Uribe
84.2%
985
Jose Uribe
84.1%
874
Chili Davis
83.8%
231
Mark Davis
83.7%
133
Russ Davis
83.7%
155
Brian Johnson
81.9%
156
Jonathan Sanchez
80.2%
136
Freddy Sanchez
80.1%
109
Rey Sanchez
80%
365
Robb Nen
78.5%
367
Benito Santiago
78.4%
346
Pablo Sandoval
78.1%
496
Darren Lewis
78.1%
116
Livan Hernandez
78.1%
326
Fred Lewis
78%
118
Mark Lewis
78%
106
Reggie Smith
76.5%
472
Bengie Molina
76.4%
709
Kirt Manwaring
75.9%
416
Rod Beck
75.5%
734
Ray Durham
75.1%
162
Jason Schmidt
75%
308
Chris Brown
73%
789
Jeffrey Leonard
72.8%
158
Mark Leonard
72.7%
823
Bob Brenly
72.7%
184
Michael Jackson
71.6%
154
David Bell
71.4%
874
Pedro Feliz
70.7%
395
Felix Rodriguez
70.1%
201
Rich Rodriguez
70%
188
Mike Krukow
69.8%
471
Brett Butler
69.6%
140
Reggie Sanders
69%
290
Kirk Rueter
68.9%
891
Marvin Benard
68.7%
542
Omar Vizquel
68.6%
358
Glenallen Hill
68.6%
157
Aubrey Huff
68.5%
506
Royce Clayton
68.4%
368
Ramon Martinez
67.8%
188
Dave Martinez
67.8%
166
Russ Ortiz
67.6%
388
Milt May
67.3%
605
Bill Mueller
67.2%
401
Aaron Rowand
67.2%
158
Jose Cruz
66.8%
666
Randy Winn
66.8%
208
Deivi Cruz
66.8%
224
Joe Morgan
66.2%
221
Moises Alou
65.8%
Games Played
Player
% Correct
223
Neifi Perez
65.1%
106
David Green
64.9%
522
Candy Maldonado
64.1%
134
Barry Zito
63.3%
539
Darrell Evans
63.1%
654
Johnnie LeMaster
62.9%
196
Edgar Renteria
62.6%
183
Don Robinson
62.2%
170
Jeff Robinson
62.1%
390
Edgardo Alfonzo
61.8%
444
Willie McGee
61.8%
118
Eliezer Alfonzo
61.8%
163
John Burkett
61.6%
214
Atlee Hammaker
59.7%
284
Ellis Burks
59.3%
301
Terry Kennedy
59.1%
214
Andres Torres
58.9%
370
Scott Garrelts
58.6%
160
Dave Anderson
58.4%
338
Marquis Grissom
58.3%
271
Duane Kuiper
58.3%
166
Dave Roberts
57.4%
142
Sergio Romo
56.9%
205
Tyler Walker
56.5%
479
Greg Minton
56.3%
182
Shawn Estes
55.5%
180
Mark Gardner
54.6%
602
Joel Youngblood
53.8%
133
J.R. Phillips
53.5%
127
Jeremy Affeldt
52.6%
278
Shawon Dunston
52.5%
281
Travis Ishikawa
51.8%
215
Jose Vizcaino
51.6%
105
Eli Whiteside
51%
195
Lance Niekro
50.8%
311
Nate Schierholtz
50.5%
181
Mike Matheny
50.5%
112
Jose Castillo
50.4%
222
Darryl Hamilton
50.3%
460
Stan Javier
50.3%
118
Tsuyoshi Shinjo
50.2%
178
Craig Lefferts
50%
202
Todd Benzinger
49.9%
327
Mark Carreon
49.6%
110
Vida Blue
49.6%
348
Dan Gladden
49.5%
244
Michael Tucker
48.9%
221
Chris Speier
48.4%
216
Charlie Hayes
48.1%
274
Kevin Bass
48%
240
Calvin Murray
48%
299
Jeff Brantley
46.9%
166
Steve Decker
46.9%
292
Armando Rios
46.9%
121
Joe Nathan
46.8%
108
Steve Bedrosian
46.8%
349
Mike Aldrete
46.7%
159
Andres Galarraga
46.1%
297
Gary Lavelle
46%
131
A.J. Pierzynski
45.6%
166
Dave Righetti
45.5%
182
Jeff Reed
45.3%
211
Brent Mayne
45%
135
Bobby Estalella
44.5%
293
Ernie Riles
44.3%
111
Chris James
44.1%
116
Ryan Klesko
44.1%
Games Played
Player
% Correct
220
Yorvit Torrealba
43.9%
265
Bob Melvin
43.6%
252
Tim Worrell
43.5%
106
Jim Barr
43.1%
154
Donell Nixon
42.8%
277
Mike Felder
42.6%
178
Kelly Downs
42.1%
183
John Bowker
41.7%
298
Mike Benjamin
41.4%
223
Manny Trillo
40.9%
228
John Patterson
40.5%
162
Emmanuel Burriss
40.3%
171
Mike LaCoss
40.2%
240
Tom O'Malley
40.1%
124
Cory Snyder
39.2%
264
Scott Eyre
38.6%
281
Steve Scarsone
38.5%
291
Greg Litton
38.3%
139
Steve Finley
38.2%
235
Larry Herndon
38.1%
116
Noah Lowry
37.4%
159
Al Holland
36.9%
190
Mark Sweeney
36.7%
118
Rick Wilkins
36.7%
185
Todd Linden
36.3%
132
Bill Laskey
36.1%
140
Doug Mirabelli
36.1%
196
Mike Kingery
35.8%
177
Dave Burba
35.1%
196
Julian Tavarez
34.9%
174
Kevin Frandsen
34.5%
253
Dave Bergman
34.3%
158
Rennie Stennett
33.6%
174
Bill North
33.2%
118
Matt Herges
33.2%
264
Brad Wellman
32.9%
225
Eugenio Velez
32.2%
192
John Johnstone
31.6%
235
Jason Ellison
31.6%
113
F.P. Santangelo
31.4%
118
Terry Whitfield
31%
247
Max Venable
30.8%
153
Alan Embree
30.4%
151
Brad Hennessey
30.2%
108
Guy Sularz
29.5%
168
Aaron Fultz
29.2%
114
Chad Zerbe
29.2%
136
Damon Minor
28.7%
124
Daniel Ortmeier
28.6%
187
Jason Christiansen
28.5%
172
Jim Brower
28.2%
117
Dustan Mohr
28%
124
Jim Poole
27.8%
136
Fred Breining
27.6%
140
Steve Kline
27.2%
181
Harry Spilman
26.8%
188
Joe Pettini
26.3%
131
Tom Lampkin
26.1%
238
Jim Wohlford
25.9%
112
Vinnie Chulk
25.5%
114
Cody Ransom
25.3%
153
Bryan Hickerson
24.9%
170
Kevin Correia
23.7%
129
Felipe Crespo
23.1%
119
Mark Dewey
22.7%
178
Jack Taschner
22.1%
Quiz Playlist
Details
Report
Send in Message
Add To Playlist
Classic:
Type in answers that appear in a list
Quiz Source
Last Updated: Feb 16, 2017
Quiz Scoreboard
CHALLENGE
Sign Up to Join the Scoreboard
Show All
Scores
Hide
Comments
May contain spoilers
Recently Published
An Introduction to Baseball
by treessimontrees
Sports
5m
Movies - When Are They Set?
by FPL_Elf
Movies
5m
Popular People in 1961
by mucciniale
History
6m
More to Explore
Quiz From the Vault
Featured Blog Post
Where Did the Easter Bunny Come From?
hide this ad
You Might Also Like...
Tags
1980s
200
francisco
Giant
Player
san
San Francisco
Today's Top Quizzes in Sports
Browse Sports
hide this ad
Today's Top Quizzes in francisco
Browse francisco
Top Contributed Quizzes in Sports
1
Les meilleurs buteurs des matchs entre le PSG et l’OM
2
2022 World Cup Stars
3
FIFA Club World Cup Champions
4
Les entraîneurs de l'OM et du PSG au 21e siècle
5
Name the Premier League winners with different clubs
6
La finale Lions - Afrique du Sud 2021
7
Les joueurs passés par le LOSC et le RC Lens
8
Criteria MLB: Left Handed Sluggers
9
Players with Multiple 50 Home Run Seasons
10
5-to-1: UK Sports Teams
Explore More
Trending Topics
NBA
Anime
Harry Potter
Kpop
Crossword
Disney
Marvel
NFL
Song
WWE
Country
Pokémon
The Office
Soccer
Puzzle
hide this ad
More By:
ironsij0287
Quiz
Plays
Rating
Category
Featured
Created
Alphabetical US States
366,616
4.51
Geography
Sep 9, 2009
NBA Western Scoring Leaders (2000s)
315,049
4.60
Sports
Oct 3, 2010
MLB Home Run Leaders (1990s)
260,130
4.51
Sports
Aug 26, 2009
Beers of the World
255,889
4.10
Miscellaneous
Aug 4, 2009
NBA Eastern Scoring Leaders (2000s)
203,041
4.52
Sports
Oct 3, 2010
Go to Creator's Profile
Score Distribution
Quiz Creator Spotlight
ironsij0287
Follow
Send a Message
Quizzes Created
-
Created Quiz Play Count
-
More By This Creator
Popular Quizzes Today
1
Find the Countries of Europe - No Outlines Minefield
2
Find the US States - No Outlines Minefield
3
The Countries of the World
4
Popular People in 1961
5
US States
6
Find the US States
7
1-10 Letter E Words III
8
Risky Map Clicking: Biggest States A-Z
More Sports Quizzes
Penny Hardaway's Top Scoring teammates per season
Quiz Lab
Trending Quizzes
Risky Map Clicking: Least Populous States A-Z
1-10 Letter F Words
1-10 Letter G Words
Not Quite an Element Typing Challenge
One Thing in Common: United Kingdom
Recently Updated
Leaping Animals
pecheneg
Reality TV Shows (A-Z)
bhenderson79
Rickey Henderson's Hall of Fame Teammates
pecheneg
Champions League XIs: Arsenal
pecheneg
Quick Pick: Celebrities in WWE's Hall of Fame
aduchscher
A-Z Keypad Blitz II
pecheneg
Multiple Oscar Actors
pecheneg
Mystery Phrase Blitz: Oscar 'Best Actors'
pecheneg
F. Scott Fitzgerald Novels
LTH
Pick 3 Villains
ddd62291
Trending Topics
Disney
Anime
Marvel
NBA
Kpop
Crossword
Harry Potter
NFL
Song
Puzzle
Country
The Office
Soccer
Pokémon
WWE
Your Account Isn't Verified!
In order to create a playlist on Sporcle, you need to verify the email address you used during registration. Go to your
Sporcle Settings
to finish the process.
Report this User
Report this user for behavior that violates our
Community Guidelines
.
Details:
Send Report
Go to the Sporcle.com Mobile Site →
Comments